Sermones panegyricos de los santos más celebrados en la iglesia (Record no. 8743)

MARC details
000 -CABECERA
campo de control de longitud fija 01525nam a2200301 a 4500
001 - NÚMERO DE CONTROL
campo de control BRCA_9093
003 - IDENTIFICADOR DEL NÚMERO DE CONTROL
campo de control FranzMayer
005 - FECHA Y HORA DE LA ÚLTIMA TRANSACCIÓN
campo de control 20230726113220.0
008 - DATOS DE LONGITUD FIJA--INFORMACIÓN GENERAL
campo de control de longitud fija 021017s1784----sp-#######---#000-0#spa-#
040 ## - FUENTE DE LA CATALOGACIÓN
Centro catalogador/agencia de origen MFM
Lengua de catalogación esp
Centro/agencia transcriptor MFM
041 ## - CÓDIGO DE LENGUA
Código de lengua del texto/banda sonora o título independiente spa
044 ## - CÓDIGO DEL PAÍS DE LA ENTIDAD EDITORA/PRODUCTORA
Código MARC del país sp
050 #4 - SIGNATURA TOPOGRÁFICA DE LA BIBLIOTECA DEL CONGRESO
Número de clasificación DCON7
Número de documento/Ítem S46 1784
082 ## - NÚMERO DE LA CLASIFICACIÓN DECIMAL DEWEY
Número de edición BX1756
100 1# - ENTRADA PRINCIPAL--NOMBRE DE PERSONA
Nombre de persona Senault, Juan Francisco
9 (RLIN) 21895
245 10 - MENCIÓN DE TÍTULO
Título Sermones panegyricos de los santos más celebrados en la iglesia
Mención de responsabilidad, etc. compuestos por el R.P. Juan Francisco Senault, prebistero del Oratorio de Jesús de la Corte de París; traducidos del francés al castellano por el R. P. Fr. Isidro Antonio Hurtado ...
260 ## - PUBLICACIÓN, DISTRIBUCIÓN, ETC.
Lugar de publicación, distribución, etc. Madrid
Nombre del editor, distribuidor, etc. Por Blas Román
Fecha de publicación, distribución, etc. 1784
300 ## - DESCRIPCIÓN FÍSICA
Extensión 434 p. (t.1)
Dimensiones 21.5 x 15 cm.
500 ## - NOTA GENERAL
Nota general Estado físico : presenta encuadernación en pergamino, con lomo semi desprendido y deteriorado y algunas hojas manchadas internas
500 ## - NOTA GENERAL
Nota general Número de control : 00008
500 ## - NOTA GENERAL
Nota general Marca de fuego Franciscana: Franciscanas BF-12019 perteneciente a la orden Provincia de san Francisco de Zacatecas
505 0# - NOTA DE CONTENIDO CON FORMATO
Nota de contenido con formato Contiene : con una tabla de los pensamientos, y materias contenidas respectivamente en cada tomo, para uso de los predicadores, hecha por el autor de la obra, y acomodada por el traductor
650 14 - PUNTO DE ACCESO ADICIONAL DE MATERIA--TÉRMINO DE MATERIA
Término de materia o nombre geográfico como elemento de entrada Panegíricos
Subdivisión cronológica S. XVIII
9 (RLIN) 21896
700 1# - PUNTO DE ACCESO ADICIONAL--NOMBRE DE PERSONA
Nombre de persona Hurtado, Isidro Antonio
Término indicativo de función/relación tr.
9 (RLIN) 22471
856 ## - LOCALIZACIÓN Y ACCESO ELECTRÓNICOS
Especificación de materiales http://www.marcasdefuego.buap.mx:8180/xmLibris/projects/firebrand/item.jsp?repository=marcas_de_fuego&map=1&key=3eb75930.xml&num=22
902 ## - CATALOGADOR
Iniciales DCON
942 ## - ELEMENTOS DE PUNTO DE ACCESO ADICIONAL (KOHA)
Fuente del sistema de clasificación o colocación Library of Congress Classification
Tipo de ítem Koha Libros
Holdings
Estado de retiro Estado de pérdida Fuente del sistema de clasificación o colocación Estado dañado No para préstamo Código de colección Localización permanente Ubicación/localización actual Fecha de adquisición Fuente de adquisición Total de préstamos Signatura topográfica completa Código de barras Fecha visto por última vez Precio válido a partir de Tipo de ítem Koha
El ejemplar forma parte de la colección y puede ser consultado según las políticas vigentes.   Library of Congress Classification     Conventual Franz Mayer Biblioteca del Museo Franz Mayer (Rogerio Casas-Alatriste) Biblioteca del Museo Franz Mayer (Rogerio Casas-Alatriste) 02/10/2017 Donación   DCON7 S46 1784 DCON00007 22/03/2019 22/03/2019 Libros